| 000 | 01079nam a2200253 a 4500 | ||
|---|---|---|---|
| 003 | BD-DhJNU | ||
| 005 | 20250923070900.0 | ||
| 008 | 240708s2024 bg |||g |||| 000 1|ben|d | ||
| 020 | _a9789845065528 | ||
| 040 |
_aBD-DhJNU _bben _cBD-DhJNU _dBD-DhJNU |
||
| 041 | _aben | ||
| 082 |
_a801.95 ADH _223 |
||
| 245 | 1 | 0 |
_aআধুনিকতাবাদ ও উত্তর-আধুনিকতাবাদের তত্ত্ব / _cখুরশিদ আলম (সম্পাদক) |
| 246 | _aadhunikatabad o uttor-adhunikatabader tottho. | ||
| 250 | _a1st ed. | ||
| 260 |
_aঢাকা : _bদি ইউনিভার্সিটি প্রেস লিমিটেড, _c2024. |
||
| 300 |
_a৪৯৮ পৃ. : _bচিত্র ; _c২১ সেমি.। |
||
| 504 | _aনিঘন্ট অন্তভূক্ত | ||
| 650 | _aআধুনিকতাবাদ | ||
| 650 | _aModernism | ||
| 650 | _aPostmodernism (উত্তর-আধুনিকতাবাদ) | ||
| 700 | a |
_aআলম, খুরশিদ _eসম্পাদক |
|
| 942 | _cBK | ||
| 999 |
_c2158 _d2158 |
||